• 首页
  • 本馆介绍
  • 公告通知
  • 最新文献
  • 馆藏检索
  • 电子资源
  • 读者导购
  • 参考咨询
  • 我的图书馆
  • 登录
  • 详细信息显示
  • 放入我的书架
  • 预约/预借图书
  • 作者相关作品
  • 分类相关作品
  • 丛书相关作品
  • 出版社相关作品

书目信息

  • 表格格式
  • 工作单格式
  • 卡片格式
题名:
黄老学论纲
    
 
作者: 丁原明 著
分册:  
出版信息: 济南   山东大学出版社  1997
页数: 334页
开本: 20cm
丛书名:
单 册:
中图分类: B223.05
科图分类:
主题词: 黄老学派--研究 , 黄老学派
电子资源:
ISBN: 7-5607-1870-1
000 00758nam0 2200229 45
001 0198048914
005 20061114093059.25
010    @a7-5607-1870-1@dCNY20.00
100    @a20030111e20021997em y0chiy0121 ea
101 0  @achi
102    @aCN@b370000
105    @ay z 000yy
200 1  @a黄老学论纲@9huang lao xue lun gang@f丁原明著
210    @a济南@c山东大学出版社@d1997@h2002
215    @a334页@d20cm
330    @a本书对道家学说的新流派——黄老学派进行了深入的分析与评论,学术上多有创新,具有较高的学术价值,是一部研究中国古代哲学思想尤其是先秦两汉黄老哲学发展流变的著作。
606 0  @a黄老学派@x研究
606 0  @a黄老学派
690    @aB223.05@v4
701  0 @a丁原明@9ding yuan ming@4著
801  0 @aCN@bNLC@c20061114
905    @a10447@dB223.05@e268
    
    黄老学论纲/丁原明著.-济南:山东大学出版社,1997(2002)
    334页;20cm
    
    
    ISBN 7-5607-1870-1:CNY20.00
    本书对道家学说的新流派——黄老学派进行了深入的分析与评论,学术上多有创新,具有较高的学术价值,是一部研究中国古代哲学思想尤其是先秦两汉黄老哲学发展流变的著作。
●
相关链接 在E读中查询图书 在五车中查询图书 在当当中查询图书 在豆瓣中查询图书


正题名:黄老学论纲     索取号:B223.05/268         预约/预借

序号 登录号 条形码 馆藏地/架位号 状态 备注
1 0382579   203825799   第一样本阅览室/ [索取号:B223.05/268] 在馆    
2 0382580   203825806   第一借阅区/ [索取号:B223.05/268] 在馆    
3 0382581   203825815   第一借阅区/ [索取号:B223.05/268] 在馆    
4 0382582   203825824   第一借阅区/ [索取号:B223.05/268] 在馆    
5 0382583   203825833   教育系资料室/ [索取号:B223.05/268] 在馆    
唐山师范学院图书馆 欢迎您!
大连网信软件有限公司© 版权所有